| 000 | 01354nam0a2200385 4500 | ||
|---|---|---|---|
| 001 | RU\NLR\bibl\422516 | ||
| 005 | 20260406143229.0 | ||
| 010 |
_a5-8354-0136-1 _92000 |
||
| 021 |
_aRU _b2003-29127 _91366 |
||
| 035 | _a(NLR Aleph) 000416432 | ||
| 090 |
_a667467 _c667467 |
||
| 100 | _a20030717d2003 |||y0rusy50 ca | ||
| 101 | 0 | _arus | |
| 102 | _aRU | ||
| 105 | _ay ||||||||| | ||
| 200 | 1 |
_aИзбранное _eНаука права. Общесоциал. пробл. Публицистика _fС. С. Алексеев |
|
| 210 |
_aМ. _cСтатут _d2003 |
||
| 215 |
_a478,[1] с. _d21 |
||
| 320 | _aБиблиогр. в подстроч. примеч. | ||
| 606 | 0 |
_aПраво _yРоссийская Федерация _92070216 _3RU\NLR\auth\661244932 |
|
| 606 | 0 |
_aПраво _xТеория _91132203 _3RU\NLR\auth\66130636 |
|
| 610 | 0 | _aПраво | |
| 675 |
_a340.1 _v3 _zrus |
||
| 686 |
_a10 _2rugasnti |
||
| 686 |
_a67.0 _2rubbk |
||
| 686 | _aХ62 | ||
| 686 | _aХ0 | ||
| 700 | 1 |
_4070 _8rus _7ca _aАлексеев _bС. С. _cд-р юрид. наук, литератор _f1924-2013 _gСергей Сергеевич _3RU\NLR\AUTH\773718 _9113711 |
|
| 801 | 0 |
_aRU _bRKP _c20030717 _gPSBO |
|
| 801 | 1 |
_aRU _bRKP _c20030717 |
|
| 801 | 2 |
_aRU _bNLR _c20060920 _grcr |
|
| 830 | _aАвт. по кн. | ||
| 942 | _cBOOK | ||
| 980 | _aNB | ||